LEADER 01302nam a2200277 u 4500 001 000000038981 003 CaOOAMICUS 005 20070226113934.0 008 980430s1967 it u000 u ita u 035 $a10793107 040 $aPUL(R)$bita 100 1 $aCalvi, Alessandro Alberto.$0(OLS)http://pul/name/29039 245 10$aTipo criminologo e tipo normativo d'autore /$cAlessandro Alberto Calvi. 260 $aPadova :$bCEDAM,$c1967. 300 $axviii, 622 p. ;$c25 cm 490 1 $aPubblicazioni della Facoltà di giurisprudenza dell'Università di Padova ;$v39 504 $aBibliografia in nota. 505 0 $aParte I: La tipologia soggettiva della legislazione italiana. -- Parte II: Tipologia soggettiva e politica criminale moderna. 650 4$aCriminologia.$0(OLS)http://pul/subject/2577 830 0$aPubblicazioni della Facoltà di giurisprudenza dell'Università di Padova ;$v39.$0(OLS)http://pul/title/14626 850 $aPUL 852 $aPUL$W1$xSL Diritto e Scienze Sociali 1$y4$m172 C 47$j53036$nBK-PRI$b $qStampati$B53036$CPULBib$Z2$F53036 $H $81 941 1 $a8 961 $aINV: 48022 996 $6245$aTipo criminologo e tipo normativo d'autore$9(OLS)http://pul/title/52818 996 $6260$aPadova :$bCEDAM$9(OLS)http://pul/publisher/48126 LEADER 01182nam a2200253 u 4500 001 000000089289 003 CaOOAMICUS 005 20070226124612.0 008 051116s1956 it u000 u ita u 035 $a11069003 040 $aPUL(R)$bita 245 00$aContributi di studio per una dottrina della professione e della scuola /$ca cura della Presidenza Nazionale U.C.I.I.M. 246 33$aDottrina della scuola 260 $aRoma :$bEdizione dell'Unione Cattolica Italiana insegnanti medi,$c1956. 300 $a204 p. ;$c20 cm 490 1 $aLuce nella professione ;$v17 710 2 $aU.C.I.I.M.$0(OLS)http://pul/name/57881 830 0$aLuce nella professione ;$v17.$0(OLS)http://pul/title/20740 850 $aPUL 852 $aPUL$W1$xDP1 Fondo Pastorale$y55$mP10 A 39$j112920$nBK-PRI$b $qFondi$B112920$CPULBib$Z2$F112920 $HPUL1041 $81 941 1 $a1 996 $6245$aContributi di studio per una dottrina della professione e della scuola$9(OLS)http://pul/title/115309 996 $6246$aDottrina della scuola$9(OLS)http://pul/title/115310 996 $6260$aRoma :$bEdizione dell'Unione Cattolica Italiana insegnanti medi$9(OLS)http://pul/publisher/54408